000 00189nam a2200085Ia 4500
008 120527s9999 xx 000 0 und d
100 _aChinella & Tu
245 _aBrain mechanism
942 _cBK
999 _c27756
_d27756